[Event "45th FIDE Chess Olympiad Open"]
[Site "Budapest, Hungary"]
[Date "2024.09.12"]
[Round "2"]
[White "Egbe, Kossi Thierry"]
[Black "Alho, Diogo"]
[Result "0-1"]
[WhiteElo "1847"]
[BlackElo "2192"]
[PlyCount "82"]
[EventDate "2024.??.??"]
[WhiteTeam "Togo"]
[BlackTeam "Cape Verde"]
[WhiteTeamCountry "TOG"]
[WhiteClock "0:00:49"]
[BlackClock "0:04:55"]

1. e4 g6 2. d4 Bg7 3. f4 c6 4. Nf3 d5 5. e5 Bf5 ({RR} 5... Nh6 6. Be3 O-O 7. Be2 Bg4 8. Nbd2 Nf5 9. Bf2 f6 10. O-O Bh6 11. g3 Ng7 12. Nh4 Bh3 13. Re1 fxe5 14. dxe5 g5 15. fxg5 Bxg5 16. Nhf3 e6 17. Nxg5 Qxg5 18. Nf3 Qf5 19. Bc5 Rf7 20. Nh4 {1-0 Degraeve,J (2360)-Petitcunot,P (2490) Bethune ascension op rapid 2003 (9)}) 6. c4 $146 ({RR} 6. b3 h5 7. Bd3 Nh6 8. O-O a5 9. a4 Na6 10. Ba3 Nb4 11. Bxf5 Nxf5 12. Qd2 Qb6 13. Nc3 e6 14. Ne2 Bf8 15. c3 Na6 16. Bxf8 Kxf8 17. b4 axb4 18. cxb4 Kg7 19. Rfb1 Nc7 20. Nc3 Rhc8 {1-0 Ousatchi,M (2186)-Lueders,H (1913) GER-ch Seniors 07th 1995 (5)}) ({RR} 6. Bd3 Bxd3 7. Qxd3 e6 8. Nbd2 Ne7 9. Nf1 Nd7 10. Ne3 Qa5+ 11. c3 c5 12. Bd2 Qb6 13. O-O O-O 14. b3 Rac8 15. Rab1 a6 16. Be1 Qc6 17. Rb2 b5 18. g4 c4 19. Qd1 Rb8 20. Bh4 Nc8 {1-0 Fernandez Garcia,J (1629)-Gias Ramon,J (1565) Barcelona Ideal Clave op 21st 2017 (7)}) ({RR} 6. Bd3 e6 7. Bxf5 gxf5 8. Be3 Ne7 9. O-O Ng6 10. Nc3 h5 11. Ne2 h4 12. h3 Bf8 13. b3 Be7 14. c4 Na6 15. cxd5 {½-½ Orgovan,S (2307)-Adok,J (2263) HUN-chT2 Maroczy 0203 2002 (2.2)}) ({RR} 6. Be2 h5 7. c3 e6 8. Be3 Nh6 9. h3 Bf8 10. Qb3 Qc7 11. Nbd2 Nd7 12. c4 dxc4 13. Bxc4 Nb6 14. O-O Be7 15. Rac1 O-O 16. Bf2 Rad8 17. Kh2 Nxc4 18. Qxc4 Kg7 19. b4 Qd7 20. Rc3 Qd5 {½-½ Hernback,M-Olsson,A SWE-ch U16 Linkoping 1996}) 6... e6 7. Be3 Ne7 8. c5 b6 9. b4 a5 10. Qa4 O-O 11. Nbd2 b5 12. Qb3 axb4 13. Qxb4 Ra4 14. Qb2 Na6 15. Kf2 f6 16. Be2 Nb4 17. Rhc1 Nd3+ 18. Bxd3 Bxd3 19. Rc3 Bc4 20. Ra3 Qa8 21. Rxa4 Qxa4 22. Kg1 Ra8 23. Nxc4 dxc4 24. Bd2 Nd5 25. exf6 Bxf6 26. Ne5 Bxe5 27. fxe5 Qa3 28. Qc2 c3 29. Bc1 Qb4 30. Qe4 Ra4 31. Be3 Nxe3 32. Qxc6 Qxd4 33. Qxe6+ Kg7 34. Qe7+ Kh6 35. Qf8+ Kh5 36. Qf3+ Ng4+ 37. Kh1 c2 38. Rf1 Qe3 39. Qf7 c1=Q 40. Qxh7+ Nh6 41. g4+ Rxg4 0-1

[Event "45th FIDE Chess Olympiad Open"]
[Site "Budapest, Hungary"]
[Date "2024.09.12"]
[Round "2"]
[White "Mirulla, David"]
[Black "Amewounou, Komlan Kouessan"]
[Result "1-0"]
[WhiteElo "1904"]
[BlackElo "1825"]
[PlyCount "55"]
[EventDate "2024.??.??"]
[WhiteTeam "Cape Verde"]
[BlackTeam "Togo"]
[BlackTeamCountry "TOG"]
[WhiteClock "0:07:03"]
[BlackClock "0:01:11"]

1. e4 e5 2. Nf3 Nc6 3. Bc4 Nf6 4. d3 h6 5. O-O Bc5 6. c3 Bb6 7. a4 a5 ({RR} 7... d6 8. Nbd2 O-O 9. h3 a5 10. Re1 Be6 11. Bxe6 fxe6 12. Nc4 Bc5 13. Be3 Bxe3 14. Rxe3 Qe8 15. Qb3 b6 16. Qb5 Nh5 17. Rf1 Nf4 18. Kh2 g5 19. g3 Ng6 20. Kg2 Rd8 21. d4 exd4 22. cxd4 {½-½ Veiga,J (2378)-Simoes,M (2084) Queima das Fitas Open 2024 (4.2)}) 8. Qb3 $146 ({RR} 8. Nbd2 d6 9. Bb3 Ne7 10. Nc4 Ba7 11. Nxa5 b5 12. axb5 Bd7 13. Bc4 O-O 14. Qe2 Qe8 15. d4 Bb6 16. dxe5 dxe5 17. b4 Ng6 18. Ne1 Nf4 19. Bxf4 exf4 20. e5 Bg4 21. Nf3 Nh5 22. Qe4 Bxf3 {1-0 Rettore,L (2177)-Bisignano,G (1980) Milan Crespi op-A 28th 2007 (6)}) ({RR} 8. Nbd2 O-O 9. Re1 Ng4 10. Rf1 d6 11. h3 Nf6 12. Re1 Nh5 13. Nf1 Qf6 14. Be3 Bxe3 15. Nxe3 Nf4 16. h4 g5 17. Nd5 Nxd5 18. exd5 Ne7 19. d4 Bg4 20. dxe5 dxe5 21. Re4 Bxf3 22. Qxf3 Qxf3 {½-½ Vidit,S (2712)-Dubov,D (2716) Global Chess League 2023 (3.3)}) ({RR} 8. Be3 d6 9. h3 Be6 10. b3 Bxc4 11. bxc4 Ne7 12. Nbd2 c5 13. Rb1 Rb8 14. Qc2 Ng6 15. Rb2 Ba7 16. Nb1 b6 17. Na3 O-O 18. Rfb1 Re8 19. Nb5 Re7 20. Nxa7 Rxa7 21. d4 Qc7 22. Nd2 Rab7 {1-0 Mitra,S (1183)-Yadav,A Mumbai Wealth U13 op 5th 2019 (8)}) ({RR} 8. Na3 O-O 9. Bb3 d6 10. Nc4 Ba7 11. Be3 Bxe3 12. Nxe3 Be6 13. Re1 Re8 14. Bxe6 Rxe6 15. Qb3 Qd7 16. Nd5 b6 17. Qc4 Rc8 18. Rad1 Ne7 19. Qb5 Nexd5 20. Qxd7 Nxd7 21. exd5 Ree8 22. d4 f6 {1-0 Araujo Sanchez,J (2303)-Pap,G (2420) Titled Tue 18th Oct Early 2022 (4)}) 8... O-O 9. Na3 Qe7 10. Nc2 d6 11. Be3 Bxe3 12. Nxe3 g6 13. Rae1 b6 14. Nd5 Qd8 15. d4 Bd7 16. dxe5 dxe5 17. Qc2 Kg7 18. Rd1 Qc8 19. Rd2 Be6 20. Rfd1 Nd7 21. Ne7 Nxe7 22. Bxe6 fxe6 23. Rxd7 Qe8 24. Nxe5 Kh8 25. Rxe7 Qb8 26. Rdd7 Rf6 27. Rh7+ Kg8 28. Rdg7+ 1-0

[Event "45th FIDE Chess Olympiad Open"]
[Site "Budapest, Hungary"]
[Date "2024.09.12"]
[Round "2"]
[White "Semeko, Lumen Paco"]
[Black "Vaz, Jose Carlos"]
[Result "1/2-1/2"]
[WhiteElo "1740"]
[BlackElo "1909"]
[PlyCount "133"]
[EventDate "2024.??.??"]
[WhiteTeam "Togo"]
[BlackTeam "Cape Verde"]
[WhiteTeamCountry "TOG"]
[WhiteClock "0:20:46"]
[BlackClock "0:44:06"]

1. Nf3 Nc6 2. b3 e5 3. Bb2 f6 ({RR} 3... Nf6 4. Nxe5 Bd6 5. Nc4 Be7 6. d4 d5 7. Ne5 Bf5 8. Nxc6 bxc6 9. e3 Bd6 10. Bd3 Qd7 11. Nd2 O-O 12. Nf3 Ne4 13. Ne5 Bb4+ 14. c3 Nxc3 15. Qd2 Ne4 16. Qxb4 Qe6 17. Rc1 c5 18. dxc5 {1-0 Nepomniachtchi,I (2784)-Savchenko,B (2551) Speed Chess Super Swiss blitz 2020 (8)}) 4. e3 Nge7 $146 ({RR} 4... d5 5. c4 Bg4 6. h3 Bh5 7. g4 Bf7 8. Qc1 Nge7 9. d4 Ng6 10. Be2 Qd7 11. a3 e4 12. Nfd2 Nh4 13. Qc2 f5 14. cxd5 Bxd5 15. Nc3 g6 16. O-O-O O-O-O 17. Nxd5 Qxd5 18. Bc4 Qd6 19. b4 {0-1 Ruck,H (1845)-Mayrhuber,F (1665) Vienna Husek op-B 2012 (6)}) ({RR} 4... d5 5. d4 e4 6. Ng1 f5 7. c4 Nf6 8. Nc3 Be6 9. Nge2 Bd6 10. cxd5 Nxd5 11. Nxd5 Bxd5 12. Nc3 Bf7 13. Be2 O-O 14. O-O Qh4 15. g3 Qh3 16. Nb5 Rfd8 17. Re1 Bb4 18. Bf1 Qh5 19. Qxh5 {1-0 Pastar,S (2363)-Tymrakiewicz,R (2168) Titled Tue 27th Feb Early 2024 (7)}) ({RR} 4... d5 5. d3 Bf5 6. Nbd2 Bd6 7. Be2 Nge7 8. O-O O-O 9. e4 dxe4 10. dxe4 Bg6 11. a3 b6 12. c4 a5 13. Nh4 Qe8 14. Rc1 Nd4 15. Bd3 Nec6 16. Ndf3 Bh5 17. Be2 Nxe2+ 18. Qxe2 Qe7 19. Nf5 {1-0 Nowacka,D (1320)-Pawlak,E (1107) POL-chT U19 2nd League 2015 (11.90)}) ({RR} 4... Nh6 5. d3 d5 6. Nbd2 Be6 7. Be2 a5 8. a3 Nf5 9. e4 dxe4 10. dxe4 Nd6 11. Bd3 Be7 12. Qe2 O-O 13. h3 Qe8 14. g4 Nd8 15. Nc4 Nxc4 16. Bxc4 Qf7 17. Nd2 c6 18. O-O b5 19. Bd3 {1-0 Alberton,R (2140)-Lovati,P (2085) Verona op 1999}) 5. g3 d5 6. h3 Be6 7. Bg2 Qd7 8. d3 O-O-O 9. Nbd2 g5 10. c3 h5 11. Qc2 Kb8 12. O-O-O Nc8 13. e4 Bg7 14. b4 d4 15. Nb3 dxc3 16. Bxc3 Qe7 17. a3 a5 18. Nc5 Bf7 19. Kb2 b6 20. Na6+ Kb7 21. b5 N6a7 22. a4 c6 23. Bxa5 cxb5 24. Bb4 Qd7 25. axb5 Nxb5 26. Ra1 Qxd3 27. Qxd3 Rxd3 28. Bf1 Rxf3 29. Bxb5 Na7 30. Bf1 Rxf2+ 31. Kc1 Rc8+ 32. Kd1 Nc6 33. Ke1 Rb2 34. Ba3 Rc2 35. Nb4 Nxb4 36. Bxb4 Bc4 37. Rd1 Bxf1 38. Rxf1 R2c4 39. Rd7+ R8c7 40. Rxc7+ Kxc7 41. Be7 Rc1+ 42. Ke2 Rxf1 43. Kxf1 Kd7 44. Bb4 Ke6 45. g4 hxg4 46. hxg4 Kf7 47. Ke2 Bf8 48. Bc3 Ke6 49. Kd3 Kd7 50. Kc4 Kc6 51. Bd2 b5+ 52. Kb3 Bc5 53. Ba5 f5 54. exf5 e4 55. Bd8 Be3 56. f6 Bc5 57. f7 Kd7 58. Bxg5 Ke6 59. Be3 Bf8 60. Kc3 Kd5 61. g5 b4+ 62. Kb3 Ke6 63. Kc4 Kxf7 64. Kd4 b3 65. Kc3 Kg6 66. Kxb3 Kf5 67. Kc4 1/2-1/2

[Event "45th FIDE Chess Olympiad Open"]
[Site "Budapest, Hungary"]
[Date "2024.09.12"]
[Round "2"]
[White "Ah Kye, Benitot"]
[Black "Michaelides, Konstantinos"]
[Result "0-1"]
[WhiteElo "1815"]
[BlackElo "2297"]
[PlyCount "72"]
[EventDate "2024.??.??"]
[WhiteTeam "Mauritius"]
[BlackTeam "Cyprus"]
[WhiteTeamCountry "MRI"]
[BlackTeamCountry "CYP"]
[WhiteClock "0:06:55"]
[BlackClock "0:01:24"]

1. e4 e6 2. d4 d5 3. Nc3 Bb4 4. exd5 exd5 5. Bd3 Nc6 6. Nf3 Nge7 7. O-O Bg4 ({RR} 7... O-O 8. Ne2 Bf5 9. c3 Bd6 10. Bf4 Re8 11. Bg3 Qd7 12. Bb5 a6 13. Ba4 Bg4 14. Qd3 Qf5 15. Nf4 Qxd3 16. Nxd3 Bxg3 17. hxg3 f6 18. Rfe1 Kf7 19. Re3 b5 20. Bb3 Na5 21. Nfe5+ fxe5 22. Nxe5+ {1-0 Rapport,R (2707)-Akobian,V (2647) Wch Blitz Riadh 2017 (11)}) 8. Nb5 $146 ({RR} 8. a3 Bxc3 9. bxc3 f6 10. h3 Bf5 11. Bxf5 Nxf5 12. Qd3 Qd7 13. Re1+ Kf7 14. c4 Rhe8 15. Rxe8 Rxe8 16. cxd5 Qxd5 17. c4 Qe4 18. Qxe4 Rxe4 19. Bb2 Ncxd4 20. Nxd4 Nxd4 21. f3 Ne2+ 22. Kf2 Rxc4 {0-1 Madaminov,M (2488)-Trost,E (2418) Titled Tue 9th Jan Early 2024 (4)}) ({RR} 8. Be3 Qd7 9. a3 Ba5 10. h3 Bf5 11. Bxf5 Qxf5 12. Qd3 Qxd3 13. cxd3 f6 14. b4 Bb6 15. Rac1 O-O 16. Rfe1 Rad8 17. Ne2 Nf5 18. g4 Nxe3 19. fxe3 Rfe8 20. Kf2 a5 21. b5 Na7 22. a4 Nc8 {0-1 Ruiz Gutierrez,Y (1570)-Fica Cruz,J (1949) Gran Canaria Online Blitz 2021 (8)}) ({RR} 8. h3 Bh5 9. Be3 Qd7 10. a3 Bxc3 11. bxc3 Bg6 12. Rb1 b6 13. Bb5 f6 14. c4 a6 15. Ba4 Bf7 16. cxd5 Bxd5 17. Nd2 b5 18. c4 bxa4 19. cxd5 Nxd5 20. Ne4 Nce7 21. Nc5 Qc6 22. Qxa4 Qxa4 {0-1 Maurizzi,M (2028)-Diaz Camallonga,C (2432) PRO League Stage rapid 2019 (8)}) 8... a6 9. c3 axb5 10. cxb4 Nxd4 11. Be3 Nxf3+ 12. gxf3 Bh5 13. Bc5 O-O 14. Re1 Re8 15. Re5 Bg6 16. Bxb5 c6 17. Qe2 Nf5 18. Rxe8+ Qxe8 19. Qxe8+ Rxe8 20. Bf1 Nh4 21. b5 Nxf3+ 22. Kg2 Be4 23. bxc6 Re6 24. Kg3 Rxc6 25. Rc1 b6 26. Be3 Rg6+ 27. Kf4 Rf6+ 28. Kg3 h5 29. h3 d4 30. Rc4 h4+ 31. Kg4 Ne5+ 32. Kxh4 Nxc4 33. Bxd4 Rd6 34. Bc3 Nd2 35. Be2 Bf3 36. Ba6 Ne4 0-1

[Event "45th FIDE Chess Olympiad Open"]
[Site "Budapest, Hungary"]
[Date "2024.09.12"]
[Round "2"]
[White "Isaakidis, Alexandros"]
[Black "Chinasamy, Devarajen"]
[Result "1-0"]
[WhiteElo "2155"]
[BlackElo "1975"]
[PlyCount "69"]
[EventDate "2024.??.??"]
[WhiteTeam "Cyprus"]
[BlackTeam "Mauritius"]
[WhiteTeamCountry "CYP"]
[BlackTeamCountry "MRI"]
[WhiteClock "0:03:53"]
[BlackClock "0:09:52"]

1. e4 c5 2. Nf3 g6 3. d4 cxd4 4. Nxd4 Nf6 5. Nc3 Nc6 6. Nb3 Bg7 7. Be2 O-O 8. Bg5 d6 9. O-O h6 10. Be3 Bd7 ({RR} 10... b6 11. Qd2 Kh7 12. f4 Bb7 13. Rad1 Rc8 14. Bf3 Qc7 15. Qf2 Qb8 16. a3 e6 17. Qh4 Ne7 18. g4 Rxc3 19. bxc3 Qc7 20. f5 exf5 21. exf5 Bxf3 22. Rxf3 Qxc3 23. Nd4 Qc4 24. g5 Nh5 25. f6 {1-0 Najer,E (2653)-Lu,S (2546) Wch Rapid Dubai 2014 (12)}) ({RR} 10... b6 11. h3 Bb7 12. Qd2 Rc8 13. Bxh6 Ne5 14. Bxg7 Kxg7 15. Bd3 Rh8 16. f4 Nc4 17. Qc1 Qc7 18. Nb5 Qd7 19. Nxa7 Rc7 20. a4 Bxe4 21. Bxe4 Nxe4 22. Nb5 Rcc8 23. Qe1 d5 24. Ra2 Rxh3 25. gxh3 {0-1 Rangel,D (2176)-Travkina,A (2202) Titled Tue 16th Jan Early 2024 (11)}) 11. f4 a6 $146 ({RR} 11... Rc8 12. Qe1 Ng4 13. Bd2 Qb6+ 14. Kh1 Nb4 15. Bd3 Nxd3 16. cxd3 Be6 17. h3 Bxb3 18. axb3 Nf6 19. b4 a6 20. Nd1 Rc6 21. Bc3 Rfc8 22. Qe3 Qxe3 23. Nxe3 e6 24. Nc4 Nxe4 25. dxe4 Rxc4 26. Bxg7 {0-1 Legostaev,A (1874)-Matveeva,O (2181) Perm Rating Sepetember 2010 (1)}) ({RR} 11... Rc8 12. h3 a6 13. Qe1 Na5 14. f5 Nc4 15. Bxc4 Rxc4 16. Nd2 Rc8 17. Qh4 g5 18. Qf2 Bb5 19. Nxb5 axb5 20. Bb6 Qd7 21. Rac1 Qc6 22. Rfe1 Ra8 23. a3 Ra4 24. Bd4 e5 25. fxe6 fxe6 26. Qe3 {0-1 Langner,T (1948)-Graefe,C (1950) Berlin Lichtenberger op 11th 2012 (6)}) 12. Bf3 Rc8 13. Nd5 Nxd5 14. exd5 Na5 15. Nxa5 Qxa5 16. c3 b5 17. a3 Qc7 18. Qd2 Rcd8 19. Rae1 Rde8 20. Rf2 Bc8 21. Kh1 Bb7 22. f5 g5 23. h4 g4 24. Bxh6 f6 25. Bxg7 Kxg7 26. Re4 Rh8 27. Rxg4+ Kf7 28. g3 Qc5 29. Kg2 Bc8 30. Qd3 Bd7 31. Rg6 Rc8 32. Re2 Rh7 33. Qe4 Kf8 34. Qg4 Kf7 35. Rxf6+ 1-0

[Event "45th FIDE Chess Olympiad Open"]
[Site "Budapest, Hungary"]
[Date "2024.09.12"]
[Round "2"]
[White "Lee Luen Mang, Stefan"]
[Black "Antoniou, Rafail"]
[Result "1/2-1/2"]
[WhiteElo "1803"]
[BlackElo "2007"]
[PlyCount "205"]
[EventDate "2024.??.??"]
[WhiteTeam "Mauritius"]
[BlackTeam "Cyprus"]
[WhiteTeamCountry "MRI"]
[BlackTeamCountry "CYP"]
[WhiteClock "0:02:30"]
[BlackClock "0:48:04"]

1. e4 c5 2. Nf3 e6 3. g3 Nc6 4. Bg2 d5 5. exd5 exd5 6. O-O Nf6 7. d4 cxd4 ({RR} 7... Be7 8. dxc5 O-O 9. Be3 Ng4 10. Bd4 Nxd4 11. Nxd4 Bxc5 12. Nb3 Bb6 13. Nc3 Nf6 14. Nxd5 Nxd5 15. Qxd5 Qf6 16. c3 Rb8 17. Qf3 Qg6 18. Qf4 Be6 19. Nd4 Rfd8 20. Be4 Qh5 21. Rfd1 Rf8 22. Rd2 {½-½ Firouzja,A (2777)-Gurel,E (2554) Titled Tue 14th Nov Early 2023 (5)}) 8. Nxd4 Bg4 9. Qd3 ({RR} 9. Nxc6 bxc6 10. Qd4 Be7 11. Bg5 Be6 12. Nd2 h6 13. Bf4 O-O 14. Nb3 Nd7 15. Qd2 Nf6 16. Nd4 Bd7 17. Qd3 Re8 18. c4 Qb6 19. b3 c5 20. Nf5 dxc4 21. Nxe7+ Rxe7 22. Qxc4 Bb5 23. Qc2 Rd8 {½-½ Nasuta,G (2552)-Antoniou,R (2036) Titled Tue 5th Mar Late 2024 (8)}) 9... Qd7 $146 ({RR} 9... Be7 10. h3 Bh5 11. Nf5 O-O 12. Nc3 Bg6 13. Bg5 d4 14. Nxe7+ Qxe7 15. Nd5 Nxd5 16. Bxe7 Bxd3 17. Bxf8 Bxf1 18. Bxd5 Bxh3 19. Bc5 Bf5 20. Bxc6 bxc6 21. Bxd4 Bxc2 22. Re1 Bf5 23. Re7 Be6 24. Rxa7 {½-½ Xiong,J (2646)-Ilamparthi,A (2458) Titled Tue 27th Aug Early 2024 (11)}) 10. a3 Be7 11. Nc3 O-O 12. Bf4 Rac8 13. Rfe1 Rfd8 14. Bg5 h6 15. Bf4 Bf8 16. Rac1 Nxd4 17. Qxd4 Rc4 18. Qd2 d4 19. Ne2 Bf5 20. c3 dxc3 21. Qxd7 Nxd7 22. Rxc3 Rxc3 23. Nxc3 Nc5 24. Re2 b6 25. h4 Be6 26. Rd2 Rxd2 27. Bxd2 Nd3 28. b4 a5 29. bxa5 bxa5 30. Nd5 a4 31. Be4 Ne5 32. Bb4 Bxd5 33. Bxd5 Bxb4 34. axb4 Kf8 35. f4 Nd3 36. b5 Ke7 37. b6 Kd6 38. b7 Kc7 39. b8=R Kxb8 40. Bxf7 Kc7 41. f5 Kd6 42. Kg2 Ke5 43. Be6 Nc5 44. Bc4 Kxf5 45. Kf3 Ke5 46. Ke3 Ne4 47. g4 g5 48. hxg5 hxg5 49. Kd3 Nd6 50. Ba6 Kd5 51. Kc3 Kc5 52. Bd3 Nb5+ 53. Kb2 Kb4 54. Bc2 Nd6 55. Bd3 Nc4+ 56. Ka2 Kc3 57. Bf5 Ne3 58. Ka3 Kd4 59. Bc8 Nc4+ 60. Kb4 a3 61. Kb3 Nd6 62. Bd7 Nc4 63. Be6 Kc5 64. Bg8 Kd4 65. Be6 Ne3 66. Kxa3 Ke5 67. Bc8 Kf4 68. Kb4 Nxg4 69. Kc5 Ne3 70. Bh3 Ke5 71. Kb4 Kd4 72. Kb5 Nd5 73. Kc6 Nf4 74. Bg4 Ng6 75. Kd6 Ne5 76. Bh3 Ke4 77. Ke6 Kf4 78. Kf6 Ng4+ 79. Kg6 Ne3 80. Bc8 Nd5 81. Bh3 Ne7+ 82. Kf6 Nc6 83. Kg6 Nd4 84. Kf6 Ne2 85. Bc8 Ng1 86. Bd7 Ne2 87. Bc8 Ng3 88. Bd7 Nh1 89. Bc8 Nf2 90. Bd7 Ng4+ 91. Kg7 Ne3 92. Kf6 Nc4 93. Bh3 Ne5 94. Bc8 Nd3 95. Kg6 Nb4 96. Bh3 Nd5 97. Bd7 Ne7+ 98. Kf6 Nd5+ 99. Kg6 Nb6 100. Bh3 Nc4 101. Kf6 Nd2 102. Bc8 Ne4+ 103. Kg6 1/2-1/2

[Event "45th FIDE Chess Olympiad Open"]
[Site "Budapest, Hungary"]
[Date "2024.09.12"]
[Round "2"]
[White "Kefalas, Loukas"]
[Black "Naipal, Hoolan"]
[Result "1-0"]
[WhiteElo "1912"]
[BlackElo "1851"]
[PlyCount "83"]
[EventDate "2024.??.??"]
[WhiteTeam "Cyprus"]
[BlackTeam "Mauritius"]
[WhiteTeamCountry "CYP"]
[BlackTeamCountry "MRI"]
[WhiteClock "0:29:18"]
[BlackClock "0:00:56"]

1. e4 c6 2. d4 d5 3. Nc3 dxe4 4. Nxe4 Bf5 5. Ng3 Bg6 6. Nf3 Nd7 7. h4 h6 8. Bd3 Bxd3 9. Qxd3 Ngf6 10. Bf4 Qa5+ 11. Bd2 Qc7 12. O-O-O e6 13. Ne4 Nxe4 14. Qxe4 Nf6 15. Qe2 Bd6 16. Kb1 b5 ({RR} 16... O-O 17. Rhg1 Nd5 18. g4 Bf4 19. Ne5 g5 20. hxg5 hxg5 21. Rh1 Bxd2 22. Qd3 f6 23. Ng6 Nf4 24. Nxf4 Bxf4 25. Rh6 f5 26. Rdh1 Qa5 27. Qh3 Kf7 28. Rh7+ Ke8 29. Qb3 Rd8 30. Qxe6# {1-0 Bogdanov,E (2413)-Kozak,A (2434) Chess Week Przeworsk GM 2024 (7.1)}) 17. Ne1 $146 ({RR} 17. Ne5 Bxe5 18. dxe5 Nd5 19. f4 a6 20. f5 exf5 21. e6 O-O-O 22. c4 bxc4 23. exf7 Rhf8 24. Qxc4 Rxf7 25. Qxa6+ Qb7 26. Qc4 Qb5 27. Rc1 Qxc4 28. Rxc4 Kb7 29. Rh3 Nb6 30. Rc2 Rfd7 31. Ba5 Rd1+ {1-0 Sokic,D (1899)-Kosa,J (2107) Backa Topola-ch 2010 (8)}) 17... a5 18. Nd3 Nd5 19. c3 Rb8 20. Ka1 a4 21. Rc1 Nb6 22. Rhd1 Nc4 23. Be1 Qe7 24. f4 a3 25. b3 Nb2 26. Qe4 Nxd1 27. Rxd1 O-O 28. Bf2 Rbc8 29. Re1 Qc7 30. g4 Qa5 31. b4 Qa4 32. Kb1 Rfd8 33. g5 hxg5 34. hxg5 g6 35. Qh1 Qa8 36. Qh3 Kf8 37. Qh8+ Ke7 38. Qf6+ Ke8 39. Rh1 Be7 40. Qg7 Kd7 41. Qxf7 Rh8 42. Nc5+ 1-0

[Event "45th FIDE Chess Olympiad Open"]
[Site "Budapest, Hungary"]
[Date "2024.09.12"]
[Round "2"]
[White "Kumar, Manoj"]
[Black "Allam, Mohamed"]
[Result "0-1"]
[WhiteElo "1951"]
[BlackElo "2053"]
[PlyCount "96"]
[EventDate "2024.??.??"]
[WhiteTeam "Fiji"]
[BlackTeam "Palestine"]
[WhiteTeamCountry "FIJ"]
[BlackTeamCountry "PLE"]
[WhiteClock "0:04:42"]
[BlackClock "0:03:57"]

1. d4 d5 2. c4 c5 3. e3 cxd4 4. exd4 Nf6 5. Nf3 Nc6 6. Nc3 Bg4 7. Be2 dxc4 8. O-O e6 9. Qa4 Be7 ({RR} 9... Rc8 10. h3 Bxf3 11. Bxf3 Be7 12. Rd1 O-O 13. Be3 a6 14. Qxc4 Ne5 15. dxe5 Rxc4 16. Rxd8 Rxd8 17. exf6 Bxf6 18. Bxb7 Rb4 19. Bxa6 Rxb2 20. Ne4 Be5 21. a3 f5 22. Ng5 f4 23. Bc5 Rd5 24. Rc1 {1-0 Vass,F (2445)-Cernousek,L (2408) SVK-chT 0607 2006 (4)}) 10. Qxc4 O-O 11. Be3 $146 ({RR} 11. Bf4 Rc8 12. Rfd1 Qb6 13. Rd2 Rfd8 14. Rad1 Nxd4 15. Qa4 Nxe2+ 16. Nxe2 Rxd2 17. Rxd2 Qb4 18. Qd1 Bxf3 19. gxf3 Nd5 20. Be5 h6 21. Nc3 Bg5 22. Nxd5 exd5 23. Bc3 Bxd2 24. Bxb4 Rc1 25. Qxc1 Bxc1 {0-1 Satonen,A-Lipsanen,E Tampere op2 1988}) 11... Nb4 12. Qb3 Qa5 13. Rac1 Nbd5 14. Bd2 Qb6 15. Nxd5 Nxd5 16. Qxb6 Nxb6 17. h3 Bf5 18. Bf4 Nd5 19. Be5 Rac8 20. Rfd1 Bc2 21. Rf1 Nb4 22. a3 Bd3 23. Bxd3 Nxd3 24. Rb1 f6 25. Bg3 Rc2 26. Ne1 Nxe1 27. Rfxe1 Kf7 28. Bf4 Rfc8 29. Rbc1 Ke8 30. Kf1 Kd7 31. Rxc2 Rxc2 32. Re2 Rc4 33. Rd2 Kc6 34. Be3 Kd5 35. Ke2 a5 36. Kd3 a4 37. Rd1 f5 38. Rc1 Rxc1 39. Bxc1 Bf6 40. Be3 f4 41. Bxf4 Bxd4 42. Bd2 Bxf2 43. b3 axb3 44. Kc3 e5 45. Kxb3 e4 46. Ba5 b6 47. Bb4 e3 48. Kc2 e2 0-1

[Event "45th FIDE Chess Olympiad Open"]
[Site "Budapest, Hungary"]
[Date "2024.09.12"]
[Round "2"]
[White "Seder, Mohammed"]
[Black "Prasad, Rudr"]
[Result "1-0"]
[WhiteElo "2116"]
[BlackElo "1777"]
[PlyCount "83"]
[EventDate "2024.??.??"]
[WhiteTeam "Palestine"]
[BlackTeam "Fiji"]
[WhiteTeamCountry "PLE"]
[BlackTeamCountry "FIJ"]
[WhiteClock "0:31:55"]
[BlackClock "0:22:33"]

1. e4 c6 2. Nf3 d5 3. d3 dxe4 4. dxe4 Qxd1+ 5. Kxd1 Bg4 6. Nbd2 Nd7 7. Be2 e6 ({RR} 7... Nc5 8. h3 Bh5 9. Ne5 Bxe2+ 10. Kxe2 Nf6 11. f3 Nh5 12. Rd1 f6 13. Nec4 Nf4+ 14. Kf1 e5 15. Nb3 Nfe6 16. Be3 b6 17. Nd6+ Bxd6 18. Rxd6 Na4 19. Rad1 Kf7 20. Rxc6 Rhd8 21. Rxd8 Rxd8 22. Bc1 {0-1 Nepomniachtchi,I (2784)-Fedoseev,V (2678) Speed Chess Super Swiss KO blitz 2020 (1.6)}) ({RR} 7... O-O-O 8. c3 e5 9. Kc2 Bc5 10. Rf1 h6 11. Ng1 Be6 12. Nb3 Bb6 13. a4 a6 14. a5 Ba7 15. Be3 Bxe3 16. fxe3 Ngf6 17. Bf3 Bxb3+ 18. Kxb3 Nc5+ 19. Kc2 Rd7 20. Rad1 Rhd8 21. b4 Rxd1 22. Bxd1 {0-1 Rosenberg,E (1987)-Otero Marino,A (2293) Titled Tue 13th Aug Early 2024 (3)}) 8. Ne1 Ngf6 $146 ({RR} 8... Bxe2+ 9. Kxe2 Ngf6 10. a4 O-O-O 11. Nd3 Bd6 12. Nc4 Bc7 13. f3 Nb6 14. Nce5 Rhf8 15. a5 Nbd7 16. Nc4 Ne8 17. Be3 a6 18. e5 Rg8 19. f4 f6 20. Raf1 g6 21. g4 Ng7 22. h3 Rgf8 23. Bd4 {1-0 Schoppen,C (2489)-Szotkowski,J (2367) Graz op-A 2020 (6)}) ({RR} 8... Bxe2+ 9. Kxe2 Bd6 10. Nc4 Bc7 11. Nd3 O-O-O 12. a4 Ne7 13. b3 Nb6 14. Nce5 Rhf8 15. Ba3 Rde8 16. a5 Nd7 17. Nxd7 Kxd7 18. a6 bxa6 19. Bc5 a5 20. Rhd1 Kc8 21. Bxa7 Rd8 22. Bc5 Rfe8 23. g3 {½-½ Popov,I (2636)-Turov,M (2574) Wch Blitz Moscow 2019 (12)}) ({RR} 8... Bxe2+ 9. Kxe2 Ngf6 10. Nd3 Bd6 11. f3 h5 12. h4 O-O-O 13. a4 Ne5 14. Nxe5 Bxe5 15. Nc4 Bc7 16. Be3 a6 17. a5 Nd7 18. b3 Ne5 19. Nb6+ Kb8 20. Bf4 Ng6 21. Bxc7+ Kxc7 22. g3 Ne5 23. f4 {½-½ Gbiorczyk,M (2137)-Katsanis,V (2133) 34th Cracovia Open A 2023 (5.50)}) 9. f3 Bh5 10. Nd3 Nc5 11. Nf4 Bg6 12. c3 O-O-O 13. Kc2 e5 14. Nxg6 hxg6 15. Bc4 Rd7 16. b4 Na4 17. Bb3 Nb6 18. a4 Bd6 19. a5 Na8 20. Nc4 Bb8 21. Be3 Re8 22. Rhd1 Rxd1 23. Rxd1 Rd8 24. Nb2 Rxd1 25. Kxd1 Nc7 26. Bxf7 Nb5 27. Kc2 g5 28. Bxg5 b6 29. axb6 axb6 30. Nc4 Kb7 31. h4 Nd6 32. Nxd6+ Bxd6 33. h5 Nh7 34. Bd8 b5 35. Be6 c5 36. Bf5 Nf8 37. Kb3 c4+ 38. Kc2 Kc6 39. g4 Nd7 40. g5 Bf8 41. g6 Nf6 42. h6 1-0

[Event "45th FIDE Chess Olympiad Open"]
[Site "Budapest, Hungary"]
[Date "2024.09.12"]
[Round "2"]
[White "Maharaj, Yash Krishen"]
[Black "Michel Yunis, Christian D."]
[Result "0-1"]
[WhiteElo "1847"]
[BlackElo "2220"]
[PlyCount "76"]
[EventDate "2024.??.??"]
[WhiteTeam "Fiji"]
[BlackTeam "Palestine"]
[WhiteTeamCountry "FIJ"]
[BlackTeamCountry "PLE"]
[WhiteClock "0:01:22"]
[BlackClock "0:17:46"]

1. e4 c5 2. Nf3 e6 3. d4 cxd4 4. Nxd4 Nf6 5. Nc3 d6 6. g4 h6 7. Rg1 Nc6 8. Be3 a6 9. Nxc6 bxc6 10. Qf3 Rb8 11. Bc4 d5 12. O-O-O Qa5 13. Bb3 Be7 $146 ({RR} 13... Bb4 14. Bd4 Be7 15. exd5 cxd5 16. h4 Bb7 17. Qe3 Bc6 18. g5 hxg5 19. hxg5 Ne4 20. Nxe4 dxe4 21. Bxg7 Rg8 22. Bf6 Bc5 23. Qf4 Qb6 24. g6 fxg6 25. Bxe6 Bxf2 26. Qe5 {1-0 Hill,A (2174)-Freeman,G (2052) 4NCL 2022-23 (8.4)}) 14. h4 Nd7 15. g5 h5 16. exd5 cxd5 17. Rge1 Nc5 18. Bd4 Nxb3+ 19. cxb3 Kf8 20. Qg3 Rb7 21. Qe5 f6 22. Qf4 Kf7 23. Rd3 Rb4 24. Rf3 Ke8 25. Qe3 Rf8 26. gxf6 gxf6 27. Qd3 Kd8 28. Na4 Rxd4 29. Qxd4 Qxe1+ 30. Qd1 Qxd1+ 31. Kxd1 e5 32. Rc3 Bg4+ 33. f3 d4 34. Rd3 Bf5 35. Rd2 Rg8 36. Rf2 Rg1+ 37. Ke2 Bb4 38. Rh2 d3+ 0-1